Robust Engineering (Record no. 30986)

MARC details
000 -LEADER
fixed length control field 01947nam a22003737a 4500
005 - DATE AND TIME OF LATEST TRANSACTION
control field 20091022104846.0
008 - FIXED-LENGTH DATA ELEMENTS--GENERAL INFORMATION
fixed length control field 091022t xxu||||| |||| 00| 0 eng d
010 ## - LCCN (DPL NO)
LC control number ENG-95162 B-426780-782
020 ## - INTERNATIONAL STANDARD BOOK NUMBER
International Standard Book Number 9780070677517
Terms of availability 350.00
020 ## - INTERNATIONAL STANDARD BOOK NUMBER
International Standard Book Number 0070677514
Terms of availability 350.00
035 ## - SYSTEM CONTROL NUMBER
System control number EN-78695 B-426780-782
037 ## - SOURCE OF ACQUISITION
Stock number DBAD/PUB
037 ## - SOURCE OF ACQUISITION
Stock number Allied Pub/Ven
040 ## - CATALOGING SOURCE
Original cataloging agency DPL
082 ## - DEWEY DECIMAL CLASSIFICATION NUMBER
Classification number 658.5
100 ## - MAIN ENTRY--PERSONAL NAME
Personal name Taguchi,Genichi
Dates associated with a name 1924-
9 (RLIN) 27594
245 ## - TITLE STATEMENT
Title Robust Engineering
Statement of responsibility, etc by Genichi Taguchi, Subir Chowdhury and Shin Taguchi
260 ## - PUBLICATION, DISTRIBUTION, ETC. (IMPRINT)
Place of publication, distribution, etc New Delhi
Name of publisher, distributor, etc Tata McGraw Hill Education
Date of publication, distribution, etc 2009
270 ## - ADDRESS
Address 7 , West Patel Nagar
City New Delhi
Postal code 110008
300 ## - PHYSICAL DESCRIPTION
Extent xvi, 240 p.
Dimensions 22 cm.(PbK)
500 ## - GENERAL NOTE
General note Includes index
650 ## - SUBJECT ADDED ENTRY--TOPICAL TERM
Topical term or geographic name as entry element Quality control
Form subdivision Case studies.
9 (RLIN) 27595
650 ## - SUBJECT ADDED ENTRY--TOPICAL TERM
Topical term or geographic name as entry element Production engineering
Form subdivision Case studies.
9 (RLIN) 27596
650 ## - SUBJECT ADDED ENTRY--TOPICAL TERM
Topical term or geographic name as entry element Industrial design
Form subdivision Case studies.
9 (RLIN) 27597
650 ## - SUBJECT ADDED ENTRY--TOPICAL TERM
Topical term or geographic name as entry element Taguchi methods (Quality control)
Form subdivision Case studies.
9 (RLIN) 27598
700 ## - ADDED ENTRY--PERSONAL NAME
Personal name Chowdhury, Subir
9 (RLIN) 27599
700 ## - ADDED ENTRY--PERSONAL NAME
Personal name Taguchi, Shin
9 (RLIN) 27600
942 ## - ADDED ENTRY ELEMENTS (KOHA)
Source of classification or shelving scheme Dewey Decimal Classification
Item type English Books
Call number suffix TAG
Classification part 658.5
Holdings
Withdrawn status Lost status Source of classification or shelving scheme Damaged status Not for loan Collection code Home library Current library Date acquired Source of acquisition Cost, normal purchase price Total Checkouts Full call number Barcode Date last seen Copy number Cost, replacement price Koha item type
    Dewey Decimal Classification     Non-fiction Central Library Central Library 02/05/2011 Allied Pub/2908/25.3.11/78/14.3.11/29.3.11 350.00 1 658.5 TAG B-426780 09/11/2019 1 350.00 English Books
    Dewey Decimal Classification   Not For Loan Non-fiction D.B.Act.Division D.B.Act.Division 22/10/2009 DBAD / PUB 295.00   658.5 TAG EN-78695 22/10/2009 1 295.00 English Books
    Dewey Decimal Classification     Non-fiction Patel Nagar Patel Nagar 02/05/2011 Allied Pub/2908/25.3.11/78/14.3.11/29.3.11 350.00   658.5 TAG B-426781 02/05/2011 1 350.00 English Books
    Dewey Decimal Classification     Non-fiction Sarojini Nagar Sarojini Nagar 02/05/2011 Allied Pub/2908/25.3.11/78/14.3.11/29.3.11 350.00   658.5 TAG B-426782 02/05/2011 1 350.00 English Books

© Delhi Public Library
Hit Counter
free hit counter